000 004540000a22001210004500
245 1 0 _aEl consumo de drogas difiere entre géneros.
300 _ano.91 (ene.- jun., 2009), p. 19
500 _aUbicación : varios
520 _aEste trabajo más allá de las cifras, invita a aceptar que las motivaciones y los efectos de las suntancias psicoactivas son diferentes entre hombres y mujeres.
650 1 4 _aDROGADICCION
773 0 _tUninorte
942 _cANA
999 _c63110
_d63110